000 005700000a22001810004500
003 MACL
005 20160423153107.0
008 160423b xxu||||| |||| 00| 0 eng d
040 _aMACL
_cMACL
041 _aHindi
082 _a800
100 _aदिनकर रामधारी सिंह
_940733
245 _aभारत की सांस्‍कृतिक कहानी
260 _bनेशनल पब्लिशिंग
_c1993
_aनई दिल्‍ली
350 _a12
650 _aStories
_953669
942 _cHIN
_k800/DIN/S
_2ddc
999 _c20871
_d20871